[Event "Schaffhausen op"]
[Site "Schaffhausen"]
[Date "2022.03.19"]
[Round "2"]
[White "Soham, Das1111"]
[Black "Barbier, Astrid"]
[Result "1/2-1/2"]
[WhiteElo "2336"]
[BlackElo "1914"]
[PlyCount "60"]
[EventDate "2022.03.18"]
[EventType "swiss"]
[EventRounds "5"]
[EventCountry "SUI"]
[SourceTitle "CBM 207 Extra"]
[Source "ChessBase"]
[SourceDate "2022.05.31"]
[SourceVersion "1"]
[SourceVersionDate "2022.05.31"]
[SourceQuality "1"]

1. e4 c5 2. Nf3 Nc6 3. Bb5 g6 4. Bxc6 dxc6 5. d3 Bg7 6. h3 e5 7. Be3 Qe7 8. a4 Nf6 9. Na3 0-0 10. Qd2 Rd8 11. Qc1 Ne8 12. Nc4 f6 13. 0-0 Nc7 14. Rd1 Ne6 15. c3 Qc7 16. Qc2 Bd7 17. a5 Be8 18. Nfd2 Qe7 19. Nb3 Bf7 20. f3 Rd7 21. Qf2 Bf8 22. Rd2 Rad8 23. Rad1 Rb8 24. Kh1 h6 25. Qg3 Rbd8 26. Qf2 Rb8 27. Qh4 Kh7 28. Qe1 Rbd8 29. Qf1 Rb8 30. Qf2 Kg8 1/2-1/2

[Event "Prague op-B 20th"]
[Site "Prague"]
[Date "2022.01.13"]
[Round "8"]
[White "Barbier, Astrid"]
[Black "Spreer, Lutz"]
[Result "1-0"]
[WhiteElo "1910"]
[BlackElo "1600"]
[PlyCount "95"]
[EventDate "2022.01.07"]
[EventType "swiss"]
[EventRounds "9"]
[EventCountry "CZE"]
[SourceTitle "CBM 206 Extra"]
[Source "ChessBase"]
[SourceDate "2022.03.31"]
[SourceVersion "1"]
[SourceVersionDate "2022.03.31"]
[SourceQuality "1"]

1. e4 d5 2. exd5 Nf6 3. Nf3 Nxd5 4. d4 g6 5. c4 Nb6 6. Nc3 Bg7 7. c5 N6d7 8. Bc4 0-0 9. 0-0 Nc6 10. Be3 e5 11. Bg5 Bf6 12. Bxf6 Qxf6 13. Nd5 Qd8 14. Re1 Na5 15. Bf1 Nc6 16. b4 exd4 17. Nxd4 Nde5 18. Nb5 a6 19. Nbxc7 Rb8 20. b5 axb5 21. Nxb5 Bg4 22. Be2 Bf5 23. Nd6 Be6 24. a4 Bxd5 25. Qxd5 Qg5 26. g3 Qf6 27. Rad1 Ra8 28. f4 Nd7 29. Bb5 Ne7 30. Qxb7 Rfd8 31. Ne4 Qf5 32. Bxd7 Rxd7 33. Qxd7 Kf8 34. Qxf5 Nxf5 35. Nd6 Ne7 36. Rd4 Nc6 37. Rde4 Ra5 38. Rc1 f5 39. Re8+ Kg7 40. Rb1 Kh6 41. Nf7+ Kh5 42. Rh8 Rxc5 43. Rxh7+ Kg4 44. Ne5+ Nxe5 45. fxe5 Rxe5 46. Kf2 Rc5 47. Rb2 g5 48. h3# 1-0

[Event "Prague op-B 20th"]
[Site "Prague"]
[Date "2022.01.12"]
[Round "7"]
[White "Sajtlava, Igor"]
[Black "Barbier, Astrid"]
[Result "0-1"]
[WhiteElo "1624"]
[BlackElo "1910"]
[PlyCount "84"]
[EventDate "2022.01.07"]
[EventType "swiss"]
[EventRounds "9"]
[EventCountry "CZE"]
[SourceTitle "CBM 206 Extra"]
[Source "ChessBase"]
[SourceDate "2022.03.31"]
[SourceVersion "1"]
[SourceVersionDate "2022.03.31"]
[SourceQuality "1"]

1. c4 f5 2. d4 e6 3. g3 Nf6 4. Bg5 Be7 5. Bg2 0-0 6. Nf3 d6 7. 0-0 Qe8 8. Qc2 a5 9. Nc3 h6 10. Bxf6 Bxf6 11. e3 e5 12. dxe5 dxe5 13. Nd5 Bd8 14. Rfd1 Na6 15. Qe2 Nc5 16. Ne1 c6 17. Nc3 Bc7 18. Nd3 Ne6 19. f4 e4 20. Ne1 Nc5 21. Nc2 Qf7 22. Bf1 Bb6 23. Qe1 a4 24. Nd4 Re8 25. Rd2 Be6 26. Nxe6 Qxe6 27. Kg2 Re7 28. Rad1 Ba5 29. Rd6 Qf7 30. Qd2 Bc7 31. Rd4 Bb6 32. Rd6 Rae8 33. Re1 Bc7 34. Rd4 Ne6 35. c5 Nxd4 36. Qxd4 Kh7 37. Qxa4 Rd7 38. Rd1 Rxd1 39. Qxd1 Rd8 40. Qc2 Ba5 41. b4 Bxb4 42. Nxe4 Qd5 0-1

[Event "Prague op-B 20th"]
[Site "Prague"]
[Date "2022.01.10"]
[Round "5"]
[White "Svacina, Tobias"]
[Black "Barbier, Astrid"]
[Result "0-1"]
[WhiteElo "1695"]
[BlackElo "1910"]
[PlyCount "62"]
[EventDate "2022.01.07"]
[EventType "swiss"]
[EventRounds "9"]
[EventCountry "CZE"]
[SourceTitle "CBM 206 Extra"]
[Source "ChessBase"]
[SourceDate "2022.03.31"]
[SourceVersion "1"]
[SourceVersionDate "2022.03.31"]
[SourceQuality "1"]

1. e4 c5 2. Nf3 Nc6 3. d4 cxd4 4. Nxd4 g6 5. Nc3 Bg7 6. Be3 Nf6 7. Bc4 0-0 8. Bb3 Re8 9. 0-0 d6 10. h3 Na5 11. f3 a6 12. Bf2 b5 13. Nd5 Nxb3 14. Nxb3 Nxd5 15. Qxd5 Be6 16. Qd2 Bxb2 17. Rad1 Bf6 18. Bd4 Bxd4+ 19. Nxd4 Bxa2 20. f4 Qb6 21. f5 Kg7 22. Kh1 f6 23. Rf3 g5 24. Rg3 h6 25. Nf3 Rh8 26. Qd4 Qxd4 27. Nxd4 Rac8 28. Ra1 Bf7 29. Raa3 Rc4 30. c3 b4 31. Rxa6 bxc3 0-1

[Event "Prague op-B 20th"]
[Site "Prague"]
[Date "2022.01.08"]
[Round "3"]
[White "Karlsson, Henrik"]
[Black "Barbier, Astrid"]
[Result "0-1"]
[WhiteElo "1636"]
[BlackElo "1910"]
[PlyCount "74"]
[EventDate "2022.01.07"]
[EventType "swiss"]
[EventRounds "9"]
[EventCountry "CZE"]
[SourceTitle "CBM 206 Extra"]
[Source "ChessBase"]
[SourceDate "2022.03.31"]
[SourceVersion "1"]
[SourceVersionDate "2022.03.31"]
[SourceQuality "1"]

1. e4 c5 2. Nf3 Nc6 3. d4 cxd4 4. Nxd4 g6 5. Nc3 Bg7 6. Be3 Nf6 7. Bc4 0-0 8. f3 Qb6 9. Qd2 Nxe4 10. fxe4 Bxd4 11. Bxd4 Qxd4 12. Qxd4 Nxd4 13. 0-0-0 Nc6 14. Rhf1 d6 15. h3 Rb8 16. Rf2 Kg7 17. Bd5 Ne5 18. Rd4 b5 19. a4 a6 20. axb5 axb5 21. Na2 Bd7 22. Nb4 Rb6 23. Nd3 Nxd3+ 24. Rxd3 b4 25. Rd4 f6 26. Rf3 Rc8 27. Bb3 Rc5 28. h4 Bc6 29. Re3 Bd7 30. Rc4 Bg4 31. Kd2 Re5 32. g3 g5 33. hxg5 Rxg5 34. Rc7 Re5 35. Bd5 Kg6 36. Rb3 f5 37. Rb7 Rxd5+ 0-1

[Event "EU-chT (Women) 23rd"]
[Site "Terme Catez"]
[Date "2021.11.21"]
[Round "9.4"]
[White "Rodsmoen, Maud"]
[Black "Barbier, Astrid"]
[Result "1-0"]
[WhiteElo "1953"]
[BlackElo "1915"]
[PlyCount "95"]
[EventDate "2021.11.12"]
[EventType "team-swiss"]
[EventRounds "9"]
[EventCountry "SLO"]
[SourceTitle "CBM 205"]
[Source "ChessBase"]
[SourceDate "2021.12.31"]
[SourceVersion "1"]
[SourceVersionDate "2021.12.31"]
[SourceQuality "1"]
[WhiteTeam "Norway (W)"]
[BlackTeam "Belgium (W)"]
[WhiteTeamCountry "NOR"]
[BlackTeamCountry "BEL"]

1. e4 e5 2. Nf3 Nc6 3. Bb5 Nf6 4. 0-0 a6 5. Ba4 Be7 6. Re1 d6 7. c3 b5 8. Bc2 0-0 9. a4 Bd7 10. d3 Na5 11. b4 Nb7 12. d4 exd4 13. cxd4 a5 14. e5 Ne8 15. Be4 c6 16. axb5 d5 17. bxc6 dxe4 18. cxd7 exf3 19. dxe8Q Rxe8 20. bxa5 Nxa5 21. Bd2 fxg2 22. Qa4 Nc4 23. Qxa8 Qxa8 24. Rxa8 Rxa8 25. Bc3 Kf8 26. Kxg2 Ra2 27. Kf3 Ke8 28. d5 Rc2 29. Re4 Nb6 30. d6 Bd8 31. Re2 Rc1 32. Rb2 Nd5 33. Bd4 Bg5 34. Ke4 Nf4 35. Be3 Rc4+ 36. Kf3 Ne6 37. Nd2 Rc8 38. Rb7 Rc3 39. Ne4 Ra3 40. Nxg5 Nxg5+ 41. Kf4 Ne6+ 42. Ke4 Ra8 43. Bb6 h6 44. Kd5 Nd8 45. d7+ Kf8 46. Bxd8 Rxd8 47. Kd6 f6 48. e6 1-0

[Event "EU-chT (Women) 23rd"]
[Site "Terme Catez"]
[Date "2021.11.20"]
[Round "8.4"]
[White "Hauksdottir, Hrund"]
[Black "Barbier, Astrid"]
[Result "1/2-1/2"]
[WhiteElo "1731"]
[BlackElo "1915"]
[PlyCount "115"]
[EventDate "2021.11.12"]
[EventType "team-swiss"]
[EventRounds "9"]
[EventCountry "SLO"]
[SourceTitle "CBM 205"]
[Source "ChessBase"]
[SourceDate "2021.12.31"]
[SourceVersion "1"]
[SourceVersionDate "2021.12.31"]
[SourceQuality "1"]
[WhiteTeam "Iceland (W)"]
[BlackTeam "Belgium (W)"]
[WhiteTeamCountry "ISL"]
[BlackTeamCountry "BEL"]

1. e4 e5 2. Nf3 Nc6 3. Bc4 Bc5 4. 0-0 Nf6 5. d3 a6 6. a4 Ba7 7. c3 d6 8. Re1 0-0 9. h3 h6 10. Nbd2 Re8 11. Nf1 Be6 12. Bxe6 fxe6 13. Be3 Rf8 14. Ng3 Qd7 15. Bxa7 Rxa7 16. d4 exd4 17. Nxd4 Raa8 18. Nxc6 Qxc6 19. e5 Nd5 20. exd6 Nf4 21. Ne4 Rad8 22. Qg4 cxd6 23. g3 d5 24. Ng5 hxg5 25. gxf4 Rxf4 26. Qxe6+ Qxe6 27. Rxe6 Rdf8 28. Re2 R8f6 29. Rd1 g4 30. hxg4 Rxg4+ 31. Kf1 Rh6 32. Re7 b6 33. Rxd5 Rxa4 34. Rdd7 Rg4 35. Ra7 a5 36. Re8+ Kh7 37. Rd7 Rh1+ 38. Ke2 Rb1 39. Rd2 Rgg1 40. Rb8 Rbe1+ 41. Kd3 Re6 42. Kc4 Rg5 43. Rd3 Rc5+ 44. Kb3 Rb5+ 45. Ka3 g5 46. Rbd8 Kg7 47. R3d6 Kf6 48. Rf8+ Ke7 49. Rxe6+ Kxe6 50. Rg8 Kd6 51. Rg6+ Kc7 52. Rf6 Kb7 53. f4 gxf4 54. Rxf4 Ka6 55. b3 Re5 56. c4 Re3 57. Rf5 Rh3 58. Rg5 1/2-1/2

[Event "EU-chT (Women) 23rd"]
[Site "Terme Catez"]
[Date "2021.11.13"]
[Round "2.7"]
[White "Barbier, Astrid"]
[Black "Ghukasyan, Siranush"]
[Result "0-1"]
[WhiteElo "1915"]
[BlackElo "2168"]
[PlyCount "65"]
[EventDate "2021.11.12"]
[EventType "team-swiss"]
[EventRounds "9"]
[EventCountry "SLO"]
[SourceTitle "CBM 205"]
[Source "ChessBase"]
[SourceDate "2021.12.31"]
[SourceVersion "1"]
[SourceVersionDate "2021.12.31"]
[SourceQuality "1"]
[WhiteTeam "Belgium (W)"]
[BlackTeam "Armenia (W)"]
[WhiteTeamCountry "BEL"]
[BlackTeamCountry "ARM"]

1. e4 e5 2. Nf3 Nc6 3. Bb5 a6 4. Ba4 Nf6 5. d3 d6 6. c3 g6 7. 0-0 Bg7 8. Re1 0-0 9. Nbd2 b5 10. Bb3 Na5 11. Bc2 c5 12. a4 Bb7 13. Nf1 Qc7 14. Be3 Nc6 15. Ng3 b4 16. h3 h6 17. Qd2 Kh7 18. Rac1 Rad8 19. c4 Ne7 20. Nh2 Nfg8 21. Bd1 f5 22. f4 exf4 23. Bxf4 g5 24. exf5 gxf4 25. Nh5 Bd4+ 26. Kh1 Be3 27. Rxe3 fxe3 28. Qxe3 Nxf5 29. Qd2 Qe7 30. Bg4 Qg5 31. Qxg5 hxg5 32. Nf3 Bxf3 33. Bxf3 0-1

[Event "EU-chT (Women) 22nd"]
[Site "Batumi"]
[Date "2019.10.30"]
[Round "6.3"]
[White "Barbier, Astrid"]
[Black "Norlamo, Sarabella"]
[Result "1/2-1/2"]
[WhiteElo "1974"]
[BlackElo "2020"]
[PlyCount "55"]
[EventDate "2019.10.24"]
[EventType "team-swiss"]
[EventRounds "9"]
[EventCountry "GEO"]
[SourceTitle "CBM 192 Extra"]
[Source "Chessbase"]
[SourceDate "2019.11.06"]
[SourceVersion "1"]
[SourceVersionDate "2019.11.06"]
[SourceQuality "1"]
[WhiteTeam "Belgium (W)"]
[BlackTeam "Finland (W)"]
[WhiteTeamCountry "BEL"]
[BlackTeamCountry "FIN"]

1. e4 e5 2. Nf3 Nc6 3. d4 exd4 4. Bc4 Nf6 5. e5 d5 6. Bb5 Ne4 7. Nxd4 Bd7 8. Bxc6 bxc6 9. 0-0 Be7 10. f3 Nc5 11. f4 0-0 12. Be3 f6 13. Nd2 fxe5 14. fxe5 Ne6 15. N2b3 Ng5 16. Qe2 Ne4 17. Rxf8+ Bxf8 18. Rf1 Qe8 19. Qf3 a5 20. Nc1 Qg6 21. e6 Bxe6 22. Nxc6 Bd6 23. Bf4 Bc5+ 24. Be3 Bd6 25. Bf4 Bc5+ 26. Be3 Bd6 27. Bf4 Bc5+ 28. Be3 1/2-1/2

[Event "Berlin Lichtenrade op 15th"]
[Site "Berlin"]
[Date "2019.10.16"]
[Round "5"]
[White "Hoenecke, Judith"]
[Black "Barbier, Astrid"]
[Result "1/2-1/2"]
[WhiteElo "1939"]
[BlackElo "1974"]
[PlyCount "40"]
[EventDate "2019.10.12"]
[EventType "swiss"]
[EventRounds "9"]
[EventCountry "GER"]
[SourceTitle "CBM 195 Extra"]
[Source "ChessBase"]
[SourceDate "2020.05.31"]
[SourceVersion "1"]
[SourceVersionDate "2020.05.31"]
[SourceQuality "1"]

1. e4 c5 2. Nc3 g6 3. f4 Bg7 4. Nf3 Nc6 5. Bc4 e6 6. 0-0 Nge7 7. d3 0-0 8. Qe1 a6 9. a4 d5 10. Bb3 b6 11. f5 exf5 12. Nxd5 fxe4 13. Qxe4 Bf5 14. Nxe7+ Nxe7 15. Qh4 Nc6 16. Bg5 Qd6 17. Bf4 Qd8 18. Bg5 Qd6 19. Bf4 Qd8 20. Bg5 Qd6 1/2-1/2

[Event "Wroclaw op"]
[Site "Wroclaw"]
[Date "2019.08.11"]
[Round "9"]
[White "Piotrowski, Przemyslaw"]
[Black "Barbier, Astrid"]
[Result "1-0"]
[WhiteElo "2303"]
[BlackElo "1943"]
[PlyCount "69"]
[EventDate "2019.08.05"]
[EventType "swiss"]
[EventRounds "9"]
[EventCountry "POL"]
[SourceTitle "CBM 191 Extra"]
[Source "ChessBase"]
[SourceDate "2019.09.30"]
[SourceVersion "1"]
[SourceVersionDate "2019.09.30"]
[SourceQuality "1"]

1. e4 c5 2. b3 Nc6 3. Bb2 e5 4. Bc4 d6 5. Ne2 Nf6 6. Nbc3 g6 7. 0-0 Bg7 8. d3 0-0 9. h3 a6 10. a4 Na5 11. f4 exf4 12. Nxf4 Nxc4 13. bxc4 Bd7 14. a5 Bc6 15. Nce2 Nh5 16. Bxg7 Nxg7 17. Qd2 f5 18. exf5 Rxf5 19. d4 cxd4 20. Nxd4 Re5 21. Nd3 Re7 22. Rf2 Qd7 23. Raf1 Rae8 24. Qh6 Re4 25. c3 R4e7 26. Rf6 Qd8 27. Nf2 Re1 28. Ng4 Rxf1+ 29. Rxf1 Rf8 30. Qxg7+ Kxg7 31. Ne6+ Kg8 32. Nh6+ Kh8 33. Nxd8 Re8 34. Nxc6 bxc6 35. Nf7+ 1-0

[Event "Charleroi op"]
[Site "Roux"]
[Date "2019.08.02"]
[Round "8"]
[White "Barbier, Astrid"]
[Black "Zamparo, Sergio"]
[Result "0-1"]
[WhiteElo "1941"]
[BlackElo "2031"]
[PlyCount "44"]
[EventDate "2019.07.27"]
[EventType "swiss"]
[EventRounds "9"]
[EventCountry "BEL"]
[SourceTitle "CBM 191 Extra"]
[Source "ChessBase"]
[SourceDate "2019.09.30"]
[SourceVersion "1"]
[SourceVersionDate "2019.09.30"]
[SourceQuality "1"]

1. e4 c5 2. Nf3 d6 3. d4 cxd4 4. Nxd4 Nf6 5. Nc3 a6 6. f3 e5 7. Nb3 Be7 8. Be3 Be6 9. Qd2 0-0 10. a4 d5 11. exd5 Nxd5 12. Nxd5 Qxd5 13. Qxd5 Bxd5 14. c4 Bb4+ 15. Kf2 Bc6 16. Be2 Nd7 17. Rhd1 Rfd8 18. Bd3 Nf6 19. Bb6 Re8 20. Bc5 Rad8 21. Bxb4 Ra8 22. Bc5 Rad8 0-1

[Event "Charleroi op"]
[Site "Roux"]
[Date "2019.07.28"]
[Round "2"]
[White "Barbier, Astrid"]
[Black "Van Malder, Dries"]
[Result "1/2-1/2"]
[WhiteElo "1941"]
[BlackElo "2178"]
[PlyCount "68"]
[EventDate "2019.07.27"]
[EventType "swiss"]
[EventRounds "9"]
[EventCountry "BEL"]
[SourceTitle "CBM 191 Extra"]
[Source "ChessBase"]
[SourceDate "2019.09.30"]
[SourceVersion "1"]
[SourceVersionDate "2019.09.30"]
[SourceQuality "1"]

1. e4 c5 2. Nc3 Nc6 3. Bb5 g6 4. Bxc6 dxc6 5. d3 Bg7 6. Nf3 Nf6 7. 0-0 0-0 8. h3 Ne8 9. Be3 b6 10. Qd2 e5 11. Ne2 Nc7 12. Bh6 Qd6 13. Ng3 Ne6 14. Bxg7 Kxg7 15. Qc3 f6 16. Nh4 Nf4 17. Rfe1 Be6 18. Ne2 Nxe2+ 19. Rxe2 Rad8 20. Nf3 Rf7 21. b3 g5 22. Re3 Kh8 23. Kh2 Rg8 24. g3 Qd7 25. h4 h6 26. Rh1 Qd6 27. Kg2 Kg7 28. Ree1 Bg4 29. Nh2 Bc8 30. Nf3 Qe6 31. Nd2 Qd7 32. Nc4 Qd4 33. Qd2 b5 34. Ne3 g4 1/2-1/2

[Event "Plzen op 10th"]
[Site "Plzen"]
[Date "2018.11.23"]
[Round "6"]
[White "Cubas Pons, Juan Miguel"]
[Black "Barbier, Astrid"]
[Result "1/2-1/2"]
[WhiteElo "2270"]
[BlackElo "1931"]
[PlyCount "73"]
[EventDate "2018.11.18"]
[EventType "swiss"]
[EventRounds "9"]
[EventCountry "CZE"]
[SourceTitle "CBM 189 Extra"]
[Source "ChessBase"]
[SourceDate "2019.06.03"]
[SourceVersion "1"]
[SourceVersionDate "2019.06.03"]
[SourceQuality "1"]

1. d4 f5 2. c4 Nf6 3. Nc3 g6 4. Qc2 Bg7 5. Bg5 0-0 6. e3 d6 7. 0-0-0 c6 8. h4 Nbd7 9. Nge2 e5 10. h5 Qe8 11. hxg6 hxg6 12. dxe5 dxe5 13. e4 Nc5 14. f3 Be6 15. Be3 Qe7 16. g3 fxe4 17. Nxe4 Ncxe4 18. fxe4 Ng4 19. Bg1 Nf2 20. Bxf2 Rxf2 21. Qd3 Qb4 22. b3 Bg4 23. Rh4 Rf3 24. Qc2 Be6 25. Bh3 Bxh3 26. Rxh3 a5 27. Qd2 Qa3+ 28. Qb2 Qxb2+ 29. Kxb2 Rf2 30. Rd2 Bf6 31. Kb1 Bg5 32. Rd6 Rxe2 33. Rxg6+ Kf7 34. Rxg5 Rd8 35. Rf5+ Kg6 36. Kc1 Rdd2 37. Rh4 1/2-1/2

[Event "Olympiad Women-43"]
[Site "Batumi"]
[Date "2018.10.05"]
[Round "11.4"]
[White "Molina, Jessica"]
[Black "Barbier, Astrid"]
[Result "1/2-1/2"]
[WhiteElo "1806"]
[BlackElo "1894"]
[PlyCount "90"]
[EventDate "2018.09.24"]
[EventType "team-swiss"]
[EventRounds "11"]
[EventCountry "GEO"]
[SourceTitle "EXT 2020"]
[Source "ChessBase"]
[SourceDate "2019.10.17"]
[SourceVersion "1"]
[SourceVersionDate "2019.10.17"]
[SourceQuality "1"]
[WhiteTeam "Bolivia (W)"]
[BlackTeam "Belgium (W)"]
[WhiteTeamCountry "BOL"]
[BlackTeamCountry "BEL"]

1. d4 f5 2. Nf3 Nf6 3. e3 g6 4. Bd3 Bg7 5. Nbd2 0-0 6. 0-0 d6 7. b3 Qe8 8. Bb2 Nbd7 9. Qe1 e5 10. dxe5 Nxe5 11. Nxe5 dxe5 12. e4 f4 13. Nf3 Nd7 14. Rd1 Kh8 15. Qc3 c6 16. a4 Qe7 17. Bc4 h6 18. b4 Re8 19. Qb3 g5 20. h3 Nb6 21. Be2 Kh7 22. a5 Be6 23. c4 Nd7 24. Qc3 h5 25. Nh2 Bf7 26. g4 Nf6 27. f3 hxg4 28. hxg4 Nd7 29. Rf2 Nf8 30. Nf1 Ng6 31. Nd2 Red8 32. Nb3 Bf8 33. Rh2+ Kg7 34. c5 Rxd1+ 35. Bxd1 Rd8 36. Rd2 Be6 37. Rxd8 Qxd8 38. Qd2 Be7 39. Qxd8 Bxd8 40. Nd2 Kf6 41. Bb3 Nf8 42. Kf1 Bc8 43. Bc4 Ne6 44. Nb3 Nc7 45. Ke2 Be6 1/2-1/2

[Event "Olympiad Women-43"]
[Site "Batumi"]
[Date "2018.09.26"]
[Round "3.22"]
[White "Ivekovic, Ana"]
[Black "Barbier, Astrid"]
[Result "1/2-1/2"]
[WhiteElo "2118"]
[BlackElo "1894"]
[PlyCount "51"]
[EventDate "2018.09.24"]
[EventType "team-swiss"]
[EventRounds "11"]
[EventCountry "GEO"]
[SourceTitle "EXT 2020"]
[Source "ChessBase"]
[SourceDate "2019.10.17"]
[SourceVersion "1"]
[SourceVersionDate "2019.10.17"]
[SourceQuality "1"]
[WhiteTeam "Croatia (W)"]
[BlackTeam "Belgium (W)"]
[WhiteTeamCountry "CRO"]
[BlackTeamCountry "BEL"]

1. d4 f5 2. g3 Nf6 3. Bg2 g6 4. Nf3 Bg7 5. 0-0 0-0 6. b3 Qe8 7. Bb2 d6 8. c4 Na6 9. Qc2 h6 10. Nbd2 c5 11. d5 b5 12. a3 Nc7 13. Rae1 Qf7 14. Ba1 Rb8 15. e4 fxe4 16. Nxe4 Nxe4 17. Bxg7 Qxg7 18. Qxe4 e6 19. dxe6 Bxe6 20. Qd3 bxc4 21. bxc4 Rb6 22. Nd2 Bf5 23. Be4 Bh3 24. Bg2 Bf5 25. Be4 Bh3 26. Bg2 1/2-1/2

[Event "EU-chT (Women) 21st"]
[Site "Heraklion"]
[Date "2017.11.06"]
[Round "9.3"]
[White "Barbier, Astrid"]
[Black "Stoeri, Laura"]
[Result "0-1"]
[WhiteElo "1815"]
[BlackElo "2150"]
[PlyCount "80"]
[EventDate "2017.10.28"]
[EventType "team-swiss"]
[EventRounds "9"]
[EventCountry "GRE"]
[SourceTitle "CBM 181 Extra"]
[Source "ChessBase"]
[SourceDate "2017.12.12"]
[SourceVersion "1"]
[SourceVersionDate "2017.12.12"]
[SourceQuality "1"]
[WhiteTeam "Belgium (W)"]
[BlackTeam "Switzerland (W)"]
[WhiteTeamCountry "BEL"]
[BlackTeamCountry "SUI"]

1. e4 e5 2. Nf3 Nc6 3. Bb5 a6 4. Ba4 Nf6 5. 0-0 Be7 6. Re1 b5 7. Bb3 d6 8. c3 0-0 9. d3 a5 10. a4 b4 11. h3 Rb8 12. d4 bxc3 13. bxc3 exd4 14. cxd4 d5 15. exd5 Nxd5 16. Bxd5 Qxd5 17. Nc3 Qd8 18. Nb5 Nb4 19. Bf4 Nd5 20. Bd2 c6 21. Na3 Be6 22. Ne5 Rc8 23. Qf3 Nb4 24. Bxb4 axb4 25. Nc2 Bd5 26. Qd3 Bd6 27. Nc4 Bxc4 28. Qxc4 c5 29. dxc5 Bxc5 30. Qe2 Qf6 31. Ne3 Rfe8 32. Rab1 Qf4 33. Qd3 Rcd8 34. Qb3 Rd2 35. Rf1 Rxf2 36. Rxf2 Bxe3 37. Rbf1 Bxf2+ 38. Kh1 Bg3 39. Qd3 Qxf1+ 40. Qxf1 Re1 0-1

[Event "EU-chT (Women) 21st"]
[Site "Heraklion"]
[Date "2017.11.05"]
[Round "8.4"]
[White "Barbier, Astrid"]
[Black "Vozinaki, Anthi Maria"]
[Result "1/2-1/2"]
[WhiteElo "1815"]
[BlackElo "1989"]
[PlyCount "80"]
[EventDate "2017.10.28"]
[EventType "team-swiss"]
[EventRounds "9"]
[EventCountry "GRE"]
[SourceTitle "CBM 181 Extra"]
[Source "ChessBase"]
[SourceDate "2017.12.12"]
[SourceVersion "1"]
[SourceVersionDate "2017.12.12"]
[SourceQuality "1"]
[WhiteTeam "Belgium (W)"]
[BlackTeam "Greece (W) II"]
[WhiteTeamCountry "BEL"]
[BlackTeamCountry "GRE"]

1. e4 c5 2. Nc3 a6 3. g4 b5 4. Bg2 Bb7 5. d3 e6 6. Nce2 Nc6 7. Ng3 Nge7 8. f4 d5 9. e5 b4 10. Nf3 Qc7 11. Bd2 a5 12. 0-0 Ng6 13. Nh5 Ba6 14. Re1 Nd4 15. Nxd4 cxd4 16. Re2 Rg8 17. Be1 Bc5 18. Bg3 Nf8 19. Qd2 Bb7 20. Rf1 0-0-0 21. Bf2 Nd7 22. Rc1 Kb8 23. Be1 g6 24. Ng3 g5 25. f5 Nxe5 26. h3 Rde8 27. Nh5 Nd7 28. fxe6 Rxe6 29. Bg3 Bd6 30. Bxd6 Qxd6 31. Rf1 Rge8 32. Ref2 R6e7 33. Rxf7 Qe5 34. R7f5 Qe2 35. Qxe2 Rxe2 36. R1f2 Re1+ 37. Rf1 R1e2 38. R1f2 Re1+ 39. Rf1 R1e2 40. R1f2 Re1+ 1/2-1/2

[Event "Olympiad Women-42"]
[Site "Baku"]
[Date "2016.09.04"]
[Round "3.33"]
[White "Kim, Yubin"]
[Black "Barbier, Astrid"]
[Result "1/2-1/2"]
[WhiteElo "1660"]
[BlackElo "1825"]
[PlyCount "52"]
[EventDate "2016.09.02"]
[EventType "team-swiss"]
[EventRounds "11"]
[EventCountry "AZE"]
[SourceTitle "CBM 174 Extra"]
[Source "ChessBase"]
[SourceDate "2016.10.10"]
[SourceVersion "1"]
[SourceVersionDate "2016.10.10"]
[SourceQuality "1"]
[WhiteTeam "South Korea (W)"]
[BlackTeam "Belgium (W)"]
[WhiteTeamCountry "KOR"]
[BlackTeamCountry "BEL"]

1. e4 c5 2. Nf3 g6 3. c4 Bg7 4. d4 cxd4 5. Nxd4 Nc6 6. Be3 Nf6 7. Nc3 0-0 8. Be2 d6 9. 0-0 Nd7 10. Rc1 Nxd4 11. Bxd4 Nc5 12. Bxg7 Kxg7 13. Qd4+ Kg8 14. Rfd1 Ne6 15. Qd2 b6 16. e5 dxe5 17. Qe3 Qe8 18. Bf3 Rb8 19. Qxe5 Bb7 20. Bg4 Qc6 21. Nd5 Rbe8 22. Bf3 Qc8 23. Bg4 Qc6 24. Bf3 Qc8 25. Bg4 Qc6 26. Bf3 Qc8 1/2-1/2

[Event "Olympiad Women-42"]
[Site "Baku"]
[Date "2016.09.03"]
[Round "2.20"]
[White "Barbier, Astrid"]
[Black "Kurbonboeva, Sarvinoz"]
[Result "0-1"]
[WhiteElo "1825"]
[BlackElo "2223"]
[PlyCount "102"]
[EventDate "2016.09.02"]
[EventType "team-swiss"]
[EventRounds "11"]
[EventCountry "AZE"]
[SourceTitle "CBM 174 Extra"]
[Source "ChessBase"]
[SourceDate "2016.10.10"]
[SourceVersion "1"]
[SourceVersionDate "2016.10.10"]
[SourceQuality "1"]
[WhiteTeam "Belgium (W)"]
[BlackTeam "Uzbekistan (W)"]
[WhiteTeamCountry "BEL"]
[BlackTeamCountry "UZB"]

1. e4 c5 2. Nc3 d6 3. f4 g6 4. Nf3 Bg7 5. Bb5+ Bd7 6. Bc4 Nc6 7. a3 e6 8. 0-0 Nge7 9. Qe1 0-0 10. d3 a6 11. Qh4 Nd4 12. Nxd4 Bxd4+ 13. Kh1 Nc6 14. Qh3 Bg7 15. Ne2 b5 16. Ba2 Nd4 17. Nxd4 cxd4 18. g4 Rc8 19. Rf2 Kh8 20. f5 exf5 21. gxf5 gxf5 22. Qh5 fxe4 23. dxe4 Bc6 24. Bd5 Bxd5 25. exd5 Qe7 26. Qf3 Be5 27. Bf4 Rg8 28. Re1 f6 29. Ree2 Rc5 30. Rg2 Rxg2 31. Rxg2 Bxf4 32. Qxf4 Rxd5 33. Qg4 Rg5 34. Qc8+ Kg7 35. Rxg5+ fxg5 36. Qf5 Qf6 37. Qh3 Kg6 38. Kg1 Qf5 39. Qb3 Qg4+ 40. Kf2 Qf4+ 41. Kg2 Qe4+ 42. Kf1 Qh1+ 43. Kf2 Qxh2+ 44. Kf1 Qf4+ 45. Kg2 Qe4+ 46. Kf1 Kf5 47. Qf7+ Kg4 48. Qg7 Kf3 49. Qf7+ Qf4 50. Qh5+ Kg3+ 51. Ke1 Qf2+ 0-1

[Event "Wch U20 Girls 34th"]
[Site "Bhubaneswar"]
[Date "2016.08.19"]
[Round "11"]
[White "Kakulidis, Ellen"]
[Black "Barbier, Astrid"]
[Result "1/2-1/2"]
[WhiteElo "1989"]
[BlackElo "1853"]
[PlyCount "116"]
[EventDate "2016.08.08"]
[EventType "swiss"]
[EventRounds "13"]
[EventCountry "IND"]
[SourceTitle "CBM 173 Extra"]
[Source "ChessBase"]
[SourceDate "2016.08.29"]
[SourceVersion "1"]
[SourceVersionDate "2016.08.29"]
[SourceQuality "1"]

1. d4 f5 2. c4 g6 3. Nf3 Nf6 4. g3 Bg7 5. Bg2 0-0 6. Nc3 d6 7. 0-0 c6 8. Qc2 Qc7 9. b3 e5 10. dxe5 dxe5 11. e4 fxe4 12. Ng5 Qe7 13. Ngxe4 Na6 14. Be3 Bf5 15. Rad1 Nxe4 16. Nxe4 Rfd8 17. Qc1 Qc7 18. Bg5 Rxd1 19. Rxd1 Rf8 20. c5 Kh8 21. Qe3 Qa5 22. Nd6 Bg4 23. Rc1 Qxa2 24. h3 Be6 25. Nxb7 Nb4 26. Nd8 Bd5 27. Bxd5 Nxd5 28. Qe1 h6 29. Ne6 hxg5 30. Nxf8 Bxf8 31. Qxe5+ Bg7 32. Qxg5 Qxb3 33. Re1 Nf6 34. Qh4+ Kg8 35. Qd4 Qd5 36. Qb4 Bf8 37. Qb2 Qf7 38. Qc2 a5 39. Ra1 Kg7 40. Rxa5 Qe7 41. Qa2 Qe1+ 42. Kg2 Qe4+ 43. Kh2 Qd4 44. Ra7+ Kh6 45. Ra4 Qxc5 46. Qd2+ Kg7 47. Rh4 Kg8 48. Qa2+ Qd5 49. Qa8 c5 50. Qa1 Bg7 51. Qb1 g5 52. Qb8+ Kf7 53. Ra4 Qf5 54. Qc7+ Kg6 55. Kg2 Qd5+ 56. Kh2 Qf5 57. Kg2 Qd5+ 58. Kh2 Qf5 1/2-1/2